Martin Garrix Discography - Statistics

General Stats
  • This quiz has been taken 67 times
    23 since last reset
  • The average score is 61 of 145
Answer Stats
Songs % Correct
Animals
100%
Gold Skies (with Sander Van Doorn & DVBBS feat. Aleesia)
91%
In the Name of Love (feat. Bebe Rexha)
91%
Pizza
91%
Forever (with Matisse & Sadko)
82%
High On Life (feat. Bonn)
82%
Hold On (with Matisse & Sadko feat. Michel Zitron)
82%
Ocean (feat. Khalid)
82%
Ocean (Remix) (with Cesqeaux feat. Khalid)
82%
Scared to Be Lonely (feat. Dua Lipa)
82%
Tremor (with Dimitri Vegas & Like Mike)
82%
Wizard (with Jay Hardway)
82%
Yottabyte
82%
Carry You (with Third Party feat. Oaks & Declan J Donovan)
73%
No Sleep (feat. Bonn)
73%
There for You (feat. Troye Sivan)
73%
Together (with Matisse & Sadko)
73%
Used To Love (feat. Dean Lewis)
73%
Virus (How About Now) (with MOTi)
73%
Access
64%
Ain't Letting You Down (with Saksham feat. Scott Quinn)
64%
Fire (with Elderbrook)
64%
Follow (with Zedd)
64%
Home (feat. Bonn)
64%
Now That I've Found You (feat. John & Michel)
64%
Spotless (with Jay Hardway)
64%
The Only Way Is Up (with Tiesto)
64%
Told You So (feat. Jex)
64%
We Are The People (feat. Bono & The Edge)
64%
We Are The People (Remix) (feat. Bono & The Edge)
64%
WIEE (with Mesto)
64%
BFAM (with Julian Jordan)
55%
Breach (Walk Alone) (with Blinders)
55%
Burn Out (with Justin Mylo feat. Dewain Whitmore)
55%
Byte (with Brooks)
55%
Don't Look Down (feat. Usher)
55%
Dreamer (feat. Mike Yung)
55%
Error 404 (with Jay Hardway)
55%
Higher Ground (feat. John Martin)
55%
Hold On & Believe (feat. The Federal Empire)
55%
Hurricane (with Sentinel feat. Bonn)
55%
If We'll Ever Be Remembered (feat. Shaun Farrugia)
55%
Like I Do (with David Guetta & Brooks)
55%
Lions in the Wild (with Third Party)
55%
Make up Your Mind (with Florian Picasso)
55%
Pressure (feat, Tove Lo)
55%
Sleepless Nights (with Armin van Buuren feat. Libby Whitehouse)
55%
Starlight (Keep Me Afloat) (with DubVision feat. Shaun Farrugia)
55%
Sun Is Never Going Down (feat. Dawn Golden)
55%
Waiting For Tomorrow (with Pierce Fulton feat. Mike Shinoda)
55%
Wherever You Are (with DubVision feat. Shaun Farrugia)
55%
070 Shake - Cocoon (Remix)
45%
Angels For Each Other (feat. Arjit Singh)
45%
Breakaway (with Mesto feat. WILHELM)
45%
Butterflies (with Matisse & Sadko feat. BARBZ)
45%
Dragon (with Matisse & Sadko)
45%
Drown (feat. Clinton Kane)
45%
Forbidden Voices
45%
Game Over (with LOOPERS)
45%
Inside Our Hearts (with Alesso feat. Shaun Farrugia)
45%
MAD (feat. Lauv)
45%
Oops
45%
Our Time (with Afrojack & David Guetta feat. Amél)
45%
Set Me Free (with Arcando feat. Bonn)
45%
Set Me Free (with Dillon Francis)
45%
Smile (feat. Carolina Liar)
45%
So Far Away (with David Guetta feat. Jamie Scott & Romy Dya)
45%
Spaceships
45%
Turn Up The Speakers (with Afrojack)
45%
Won't Let You Go (with Matisse & Sadko feat. John Martin)
45%
Alive (with Citadelle)
36%
Aurora (with Blinders)
36%
Boomerang (with Brooks)
36%
Break Through The Silence (with Matisse & Sadko)
36%
Diamonds (with Julian Jordan feat. Tinie Tempah)
36%
Empty (with DubVision feat. Jaimes)
36%
Followers
36%
Funk (with Julian Jordan)
36%
Girls
36%
Good Morning (with Matisse & Sadko)
36%
Gravity (with Sem Vox feat. Jaimes)
36%
Just Some Loops (with TV Noise)
36%
Keygen
36%
Latency (with Dyro)
36%
Love Runs Out (feat. G-Eazy & Sasha Alex Sloan)
36%
Lovin' Every Minute
36%
Peace of Flood (with Citadelle & Sebastian Ingrosso)
36%
Peace of Mind (with Citadelle)
36%
Proxy
36%
Quantum (with Brooks)
36%
Something (with Breathe Carolina)
36%
Summer Days (feat. Macklemore & Patrick Stump of Fall Out Boys)
36%
Weightless (feat. Arjit Singh)
36%
Welcome (with Julian Jordan)
36%
Bassjackers - Crackin (Edit)
27%
Bouncybob (with Justin Mylo & Mesto)
27%
Glitch (with Julian Jordan)
27%
HELP
27%
Hero (feat. JVKE)
27%
Limitless (with Mesto)
27%
Loop (with DallasK feat. Sasha Alex Sloan)
27%
Mistaken (Club Mix) (with Matisse & Sadko feat. Alex Aris)
27%
Mistaken (with Matisse & Sadko feat. Alex Aris)
27%
Oxygen (with DubVision feat. Jordan Grace)
27%
Poison
27%
These Are The Times (feat. JRM)
27%
The Weeknd - Can't Feel My Face (Remix)
27%
Voodoo (with R3HAB & Skytech)
27%
We Did It
27%
X's (with CMC$ feat. Icona Pop)
27%
21
18%
Biochemical (with Seth Hills)
18%
Christina Aguilera - Your Body (Remix)
18%
Daddy's Groove - Stellar (Remix)
18%
Dimitri Vegas & Like Mike, Sander Van Doorn - Project T (Remix)
18%
Empire (with NUZB)
18%
Far Away (with Florian Picasso)
18%
Find You (with Justin Mylo feat. Dewain Whitmore)
18%
Gamer (with Bassjackers)
18%
Glad You Came
18%
Going Home
18%
Happy
18%
Helicopter (with Firebeatz)
18%
I Don't Know Your Name (The Wire) (with CMC$ feat. MALARKEY)
18%
ITSA (with Sleazy Stereo)
18%
Make You Mine (with Bleu Clair feat. RA)
18%
Mona Lisa
18%
No Angel
18%
No More (with Vluarr & Thomas Nan feat. ZANA)
18%
Own The Night
18%
Pogo
18%
Psycho (with Yellow Claw & Cesqeaux)
18%
Real Love (feat. Lloyiso)
18%
Reboot (with Vluarr)
18%
Registration Code (with Jay Hardway)
18%
Time Machine
18%
Torrent (with Sidney Samson)
18%
All I Need
9%
Can't You See (with Shermanology)
9%
DubVision - Backlash (Edit)
9%
Human
9%
La La La
9%
Restart Your Heart (with Florian Picasso)
9%
Roy Gates - Midnight Sun 2.0 (Remix)
9%
The Game (with LADANZA)
9%
No matching quizzes found
Score Distribution
Percent of People with Each Score
Percentile by Number Answered
Your Score History
You have not taken this quiz since the last reset